Levél a miniszternek. Bérfelmérésre van szükség
Elmentve itt :
| Dokumentumtípus: | Cikk |
|---|---|
| Megjelent: |
1998-01-26
|
| Sorozat: | Délmagyarország
88 No. 21 |
| Kulcsszavak: | Béremelés, 1998 |
| Online Access: | http://dmarchiv.bibl.u-szeged.hu/79936 |
| LEADER | 00426nab a2200145 i 4500 | ||
|---|---|---|---|
| 001 | delm79936 | ||
| 005 | 20191025085056.0 | ||
| 008 | 191025s1998 hu o 0|| hun d | ||
| 040 | |a SZTE Délmagyarország Archívum |b hun | ||
| 041 | |a hun | ||
| 245 | 0 | 0 | |a Levél a miniszternek. Bérfelmérésre van szükség |h [elektronikus dokumentum] |
| 260 | |c 1998-01-26 | ||
| 300 | |a 11 | ||
| 490 | 0 | |a Délmagyarország |v 88 No. 21 | |
| 695 | |a Béremelés, 1998 | ||